[Event "I'M Not A GM Final KO"]
[Site "Chess.com INT"]
[Date "2023.10.16"]
[Round "1.5"]
[White "Rozman, Levy"]
[Black "Shahade, Gregory P"]
[Result "0-1"]
[WhiteElo "2322"]
[BlackElo "2476"]
[PlyCount "200"]
[EventDate "2023.10.16"]
[EventType "k.o. (blitz)"]
[EventRounds "2"]
[EventCountry "USA"]
[SourceTitle "CBM 216 Extra"]
[Source "ChessBase"]
[SourceDate "2023.11.30"]
[SourceVersion "1"]
[SourceVersionDate "2023.11.30"]
[SourceQuality "1"]

1. d4 Nf6 2. Bg5 c5 3. Nc3 cxd4 4. Qxd4 Nc6 5. Qh4 Qa5 6. 0-0-0 d6 7. e4 Be6 8. Kb1 0-0-0 9. Nh3 Kb8 10. a3 h6 11. Bd2 Qc7 12. Nf4 Qc8 13. Nxe6 fxe6 14. f3 Ne5 15. Qf2 g5 16. Be3 Nc6 17. Bb5 Qc7 18. Bc4 Qc8 19. h4 gxh4 20. e5 Ne8 21. Bb5 Qc7 22. Rxh4 Bg7 23. Bxc6 Qxc6 24. Bxa7+ Kc8 25. Bb6 Nc7 26. b3 d5 27. Bd4 Rhf8 28. Qe2 Rf5 29. g4 Rff8 30. Na4 Kb8 31. Rd3 Nb5 32. Bb2 d4 33. b4 Rd5 34. Rh1 Rxe5 35. Qd1 Rd5 36. Re1 Rc8 37. Nc5 e5 38. Ne4 Rd7 39. Rb3 Rdc7 40. Ka2 Nd6 41. Nxd6 exd6 42. Re2 Qc4 43. f4 exf4 44. Re4 Qxc2 45. Qxc2 Rxc2 46. Kb1 d3 47. Bxg7 d2 48. Rd4 Rc1+ 49. Ka2 R8c2+ 50. Rb2 Rxb2+ 51. Kxb2 d1Q 52. Rxd1 Rxd1 53. Bxh6 Rg1 54. Bxf4 Kc7 55. g5 Rg4 56. Bd2 Kc6 57. Kc2 b5 58. Kd3 Kd5 59. Be3 Rg3 60. Ke2 Ke4 61. Bd2 Rg2+ 62. Kd1 d5 63. Kc2 d4 64. Kc1 Kd3 65. Bf4 Rg4 66. Bc7 Rxg5 67. Kb2 Rg2+ 68. Kb3 Rg1 69. Bb6 Rd1 70. a4 bxa4+ 71. Kxa4 Kc4 72. Ka3 Ra1+ 73. Kb2 Rf1 74. b5 Rf3 75. Kc2 d3+ 76. Kd2 Rf5 77. Bc7 Rxb5 78. Bf4 Rb2+ 79. Kd1 Re2 80. Bg5 Rg2 81. Be3 Ra2 82. Bf4 Kc3 83. Be5+ Kc4 84. Bf4 Kd5 85. Bh6 Ke4 86. Bg5 Ra1+ 87. Kd2 Ra5 88. Bd8 Rf5 89. Kd1 Rf2 90. Bb6 Rg2 91. Ke1 Kd5 92. Ba7 Kc4 93. Kf1 Rb2 94. Be3 Re2 95. Bg5 Kd5 96. Bh6 Ke4 97. Bg5 Kf3 98. Bd8 d2 99. Ba5 d1Q+ 100. Be1 Qxe1# 0-1

[Event "I'M Not A GM Final KO"]
[Site "Chess.com INT"]
[Date "2023.10.16"]
[Round "1.11"]
[White "Rozman, Levy"]
[Black "Shahade, Gregory P"]
[Result "0-1"]
[WhiteElo "2322"]
[BlackElo "2476"]
[PlyCount "74"]
[EventDate "2023.10.16"]
[EventType "k.o. (blitz)"]
[EventRounds "2"]
[EventCountry "USA"]
[SourceTitle "CBM 216 Extra"]
[Source "ChessBase"]
[SourceDate "2023.11.30"]
[SourceVersion "1"]
[SourceVersionDate "2023.11.30"]
[SourceQuality "1"]

1. d4 Nf6 2. Bg5 c5 3. Nc3 cxd4 4. Qxd4 Nc6 5. Qh4 Qa5 6. 0-0-0 d6 7. e4 h6 8. Bxf6 gxf6 9. Kb1 Qg5 10. Qg3 Qxg3 11. hxg3 f5 12. Nd5 Rb8 13. exf5 Bxf5 14. Bd3 Bd7 15. Nf3 Bg7 16. c3 e6 17. Nf4 0-0 18. Nh5 Bh8 19. Rh4 f5 20. Nf4 Bg7 21. Bb5 d5 22. c4 d4 23. Nh5 Bh8 24. g4 e5 25. gxf5 Bxf5+ 26. Ka1 e4 27. Nd2 e3 28. fxe3 dxe3 29. Nf3 Rbd8 30. Rhh1 Nb4 31. a3 Nc2+ 32. Ka2 Rxd1 33. Rxd1 e2 34. Rc1 Bg4 35. Ng3 Bxf3 36. gxf3 e1Q 37. Rxe1 Nxe1 0-1

[Event "I'M Not A GM Final KO"]
[Site "Chess.com INT"]
[Date "2023.10.16"]
[Round "1.13"]
[White "Rozman, Levy"]
[Black "Shahade, Gregory P"]
[Result "1/2-1/2"]
[WhiteElo "2322"]
[BlackElo "2476"]
[PlyCount "192"]
[EventDate "2023.10.16"]
[EventType "k.o. (blitz)"]
[EventRounds "2"]
[EventCountry "USA"]
[SourceTitle "CBM 216 Extra"]
[Source "ChessBase"]
[SourceDate "2023.11.30"]
[SourceVersion "1"]
[SourceVersionDate "2023.11.30"]
[SourceQuality "1"]

1. d4 Nf6 2. Bg5 c5 3. d5 d6 4. Nc3 h6 5. Bd2 g6 6. e4 Bg7 7. Bb5+ Nbd7 8. a4 a6 9. Be2 Rb8 10. h4 h5 11. Nh3 0-0 12. Ng5 Ne5 13. a5 b5 14. axb6 Qxb6 15. Na4 Qc7 16. 0-0 Bd7 17. b3 c4 18. b4 c3 19. Nxc3 Rxb4 20. Rxa6 Rc8 21. Ra3 Nc4 22. Bxc4 Rxc4 23. Qe2 Ng4 24. Qf3 Be8 25. Nb5 Qc5 26. Ra5 Qb6 27. Na7 R8c7 28. Nc6 Ne5 29. Nxe5 Bxe5 30. Ra8 Rc8 31. Rxc8 Rxc8 32. Bf4 Bxf4 33. Qxf4 Rxc2 34. e5 dxe5 35. Qxe5 Qd6 36. Qxd6 exd6 37. Ne4 Bb5 38. Rd1 Be2 39. Re1 Bc4 40. Rd1 Be2 41. Rd4 Rc1+ 42. Kh2 Rc4 43. Rxc4 Bxc4 44. Kg3 Kg7 45. Nxd6 Bxd5 46. f3 Be6 47. Kf4 Bd7 48. Ke5 Be6 49. Ne8+ Kf8 50. Nc7 Bc4 51. g3 Ke7 52. Kd4 Bb3 53. Kc3 Ba2 54. Kd4 Bb3 55. Ke3 Kd7 56. Nb5 Bd5 57. Nc3 Be6 58. Kf4 Ke7 59. Ne4 Bd5 60. Nc3 Bc6 61. Ne2 Kf6 62. Nd4 Bd7 63. g4 hxg4 64. fxg4 Kg7 65. Nf3 f6 66. Nd4 Bc8 67. Nc6 Bd7 68. Nb4 Be6 69. Nd3 Bd7 70. Nc5 Bc8 71. Ne4 Be6 72. Nd6 Bd7 73. g5 fxg5+ 74. Kxg5 Be6 75. Ne4 Bf5 76. Ng3 Bb1 77. Ne2 Bd3 78. Nc1 Bc2 79. Ne2 Bd3 80. Nd4 Bb1 81. Kf4 Bd3 82. Ne6+ Kf6 83. Nc5 Bc2 84. Nd7+ Kg7 85. Ne5 Bf5 86. Nf3 Bb1 87. Nd4 Bd3 88. Nc6 Bb1 89. Ne5 Bf5 90. Kg5 Bb1 91. Nf3 Bf5 92. Nd2 Bc2 93. Nc4 Bd3 94. Ne5 Bf5 95. Nf3 Be4 96. Nd2 Bd3 1/2-1/2

[Event "I'M Not A GM Final KO"]
[Site "Chess.com INT"]
[Date "2023.10.16"]
[Round "1.15"]
[White "Rozman, Levy"]
[Black "Shahade, Gregory P"]
[Result "1-0"]
[WhiteElo "2322"]
[BlackElo "2476"]
[PlyCount "123"]
[EventDate "2023.10.16"]
[EventType "k.o. (blitz)"]
[EventRounds "2"]
[EventCountry "USA"]
[SourceTitle "CBM 216 Extra"]
[Source "ChessBase"]
[SourceDate "2023.11.30"]
[SourceVersion "1"]
[SourceVersionDate "2023.11.30"]
[SourceQuality "1"]

1. d4 Nf6 2. Bg5 c5 3. Nc3 cxd4 4. Qxd4 Nc6 5. Qh4 Qa5 6. 0-0-0 d6 7. e4 Be6 8. Kb1 0-0-0 9. Nh3 Kb8 10. a3 Rc8 11. Bd2 Qh5 12. Qxh5 Nxh5 13. Ng5 Nf6 14. Nxe6 fxe6 15. f3 g6 16. Bc4 Nd8 17. Bb3 Bg7 18. e5 Nd7 19. exd6 exd6 20. Ne4 d5 21. Nc3 Nc5 22. Rhe1 Nxb3 23. cxb3 a6 24. Bf4+ Ka7 25. Be5 Bxe5 26. Rxe5 Rc6 27. Rde1 Rf8 28. Ne2 Nf7 29. Re3 Nh6 30. Nd4 Rb6 31. Rxe6 Rxe6 32. Rxe6 Nf5 33. Nxf5 Rxf5 34. Re7 Rh5 35. h3 d4 36. Kc2 Rc5+ 37. Kd2 Rb5 38. Kc2 Rc5+ 39. Kd3 Rb5 40. b4 a5 41. Kc4 Ka6 42. Re6+ b6 43. Rd6 axb4 44. axb4 Rg5 45. g4 h5 46. f4 Rb5 47. Rxd4 hxg4 48. hxg4 g5 49. Rd5 Rxd5 50. Kxd5 gxf4 51. Ke4 Kb5 52. g5 Kxb4 53. g6 f3 54. Kxf3 Kb3 55. g7 b5 56. g8Q+ Kxb2 57. Qg4 Kc3 58. Ke3 b4 59. Qd4+ Kb3 60. Kd3 Ka4 61. Kc4 Ka5 62. Qa7# 1-0

[Event "I'M Not A GM Final KO"]
[Site "Chess.com INT"]
[Date "2023.10.16"]
[Round "1.6"]
[White "Shahade, Gregory P"]
[Black "Rozman, Levy"]
[Result "1/2-1/2"]
[WhiteElo "2476"]
[BlackElo "2322"]
[PlyCount "121"]
[EventDate "2023.10.16"]
[EventType "k.o. (blitz)"]
[EventRounds "2"]
[EventCountry "USA"]
[SourceTitle "CBM 216 Extra"]
[Source "ChessBase"]
[SourceDate "2023.11.30"]
[SourceVersion "1"]
[SourceVersionDate "2023.11.30"]
[SourceQuality "1"]

1. e4 c6 2. Nc3 d5 3. Nf3 Bg4 4. h3 Bxf3 5. Qxf3 Nf6 6. Be2 g6 7. 0-0 Bg7 8. Rd1 d4 9. Nb1 e5 10. d3 c5 11. Nd2 Nc6 12. Qg3 h5 13. Nc4 h4 14. Qh2 Qe7 15. Rf1 Nh5 16. a4 g5 17. Bg4 Nb4 18. Bd1 Nf4 19. Bd2 Nc6 20. Kh1 0-0-0 21. Bg4+ Kb8 22. a5 Qc7 23. f3 f6 24. Qg1 Ne2 25. Qf2 Ng3+ 26. Kh2 Nxf1+ 27. Qxf1 Rhe8 28. Qb1 Bf8 29. Qa2 Ne7 30. Bh5 Ng8 31. Bxe8 Rxe8 32. Na3 Nh6 33. Qd5 Rd8 34. Qe6 Qf7 35. Qxf7 Nxf7 36. Nc4 Be7 37. Rb1 Nd6 38. Na3 Rc8 39. b3 Kc7 40. Kg1 Kc6 41. Kf2 b5 42. axb6 axb6 43. Nc4 Ra8 44. Nxd6 Bxd6 45. Ke2 Ra2 46. Kd1 b5 47. Kc1 Kd7 48. Rb2 Ra8 49. Kb1 Kc6 50. Ra2 Rxa2 51. Kxa2 b4 52. Kb1 Be7 53. Kc1 Kd7 54. Kd1 Ke6 55. Ke2 f5 56. exf5+ Kxf5 57. Kf2 Bd6 58. Bc1 Be7 59. Bd2 Bd6 60. Bc1 Be7 61. Bd2 1/2-1/2

[Event "I'M Not A GM Final KO"]
[Site "Chess.com INT"]
[Date "2023.10.16"]
[Round "1.8"]
[White "Shahade, Gregory P"]
[Black "Rozman, Levy"]
[Result "0-1"]
[WhiteElo "2476"]
[BlackElo "2322"]
[PlyCount "180"]
[EventDate "2023.10.16"]
[EventType "k.o. (blitz)"]
[EventRounds "2"]
[EventCountry "USA"]
[SourceTitle "CBM 216 Extra"]
[Source "ChessBase"]
[SourceDate "2023.11.30"]
[SourceVersion "1"]
[SourceVersionDate "2023.11.30"]
[SourceQuality "1"]

1. e4 c6 2. Nc3 d5 3. Nf3 dxe4 4. Nxe4 Nf6 5. Qe2 Nxe4 6. Qxe4 Be6 7. b3 Nd7 8. Bb2 Nf6 9. Qh4 Qa5 10. Bd3 Bd5 11. Be2 e6 12. 0-0 Bxf3 13. Bxf3 Be7 14. Bc3 Qf5 15. Qc4 0-0 16. Bb2 Rfd8 17. d4 Nd5 18. Rad1 Bf6 19. Rfe1 Nb6 20. Qe2 Qa5 21. a4 Rd7 22. Rd3 Nd5 23. Qd2 Qxd2 24. Rxd2 Rad8 25. c3 Ne7 26. Rde2 Nf5 27. Ba3 Be7 28. Bxe7 Nxe7 29. Be4 Nd5 30. Rc2 Nc7 31. g3 h6 32. Kg2 Kf8 33. h4 Rd6 34. Bf3 Ne8 35. Re5 Nf6 36. Ra5 a6 37. Re5 Nd5 38. Re1 Rc8 39. Rec1 Ne7 40. Re2 Rd7 41. Re5 Nf5 42. Re2 Nd6 43. Re5 Ne8 44. Rce1 Nc7 45. R5e2 Nd5 46. Rc1 c5 47. dxc5 Rxc5 48. c4 Nb4 49. Rce1 b6 50. Re3 Ke7 51. Re5 Nd3 52. R5e2 Nxe1+ 53. Rxe1 a5 54. Re3 f6 55. Be4 Re5 56. f4 Rc5 57. Kf3 Kf7 58. g4 Rd4 59. f5 exf5 60. gxf5 Re5 61. Bd5+ Ke7 62. Rc3 Kd6 63. Kg3 Kc5 64. Rf3 Kb4 65. Kh3 Re2 66. Rg3 Red2 67. Rxg7 R2d3+ 68. Kg2 Rc3 69. Rg6 Rd2+ 70. Kh1 Rc1+ 71. Rg1 Rxg1+ 72. Kxg1 Rb2 73. Kf1 Kc5 74. Ke1 Rxb3 75. Ke2 Ra3 76. Kf2 Rxa4 77. Ke3 Rxc4 78. Be6 a4 79. Kd3 Rd4+ 80. Kc3 Rxh4 81. Kc2 Rf4 82. Kb2 h5 83. Ka1 h4 84. Ka2 h3 85. Ka3 h2 86. Bd5 Kxd5 87. Ka2 Rf3 88. Kb2 h1Q 89. Ka2 Qh2+ 90. Ka1 Rf1# 0-1

[Event "I'M Not A GM Final KO"]
[Site "Chess.com INT"]
[Date "2023.10.16"]
[Round "1.18"]
[White "Shahade, Gregory P"]
[Black "Rozman, Levy"]
[Result "0-1"]
[WhiteElo "2476"]
[BlackElo "2322"]
[PlyCount "108"]
[EventDate "2023.10.16"]
[EventType "k.o. (blitz)"]
[EventRounds "2"]
[EventCountry "USA"]
[SourceTitle "CBM 216 Extra"]
[Source "ChessBase"]
[SourceDate "2023.11.30"]
[SourceVersion "1"]
[SourceVersionDate "2023.11.30"]
[SourceQuality "1"]

1. e4 e6 2. d4 d5 3. Nd2 dxe4 4. Nxe4 Nf6 5. Bd3 Nc6 6. Nf3 b6 7. Qe2 Bb7 8. Bg5 Be7 9. Bxf6 gxf6 10. 0-0-0 a6 11. Kb1 Nb4 12. Bc4 b5 13. Bb3 Qd7 14. Nc5 Bxc5 15. dxc5 Qe7 16. Rhe1 Rd8 17. Rxd8+ Kxd8 18. Nd4 Qxc5 19. Bxe6 Re8 20. Qd2 Bd5 21. Bxd5 Rxe1+ 22. Qxe1 Qxd4 23. Be4 Qc4 24. b3 Qc5 25. Bxh7 Nd5 26. Qd2 Kc8 27. Bf5+ Kb8 28. Bd3 Nc3+ 29. Kb2 b4 30. h4 Qd4 31. Kc1 Nxa2+ 32. Kb1 Nc3+ 33. Kc1 Qxh4 34. Qe1 Qg5+ 35. Kb2 Qxg2 36. Qe8+ Kb7 37. Bf5 Qc6 38. Bc8+ Kb6 39. Qe3+ Qc5 40. Qf3 c6 41. Qxf6 Nd1+ 42. Kc1 Nxf2 43. Qd8+ Kb5 44. Qc7 Qe3+ 45. Kb1 Qe1+ 46. Ka2 Kc5 47. Qa7+ Kd6 48. Qd7+ Kc5 49. Qa7+ Kd6 50. Qd7+ Kc5 51. Qxf7 Nd1 52. Qc4+ Kd6 53. Bb7 Nc3+ 54. Qxc3 bxc3 0-1

[Event "I'M Not A GM Gp-A"]
[Site "Chess.com INT"]
[Date "2023.10.12"]
[Round "2.4"]
[White "Roebers, Eline"]
[Black "Shahade, Gregory P"]
[Result "0-1"]
[WhiteElo "2390"]
[BlackElo "2476"]
[PlyCount "160"]
[EventDate "2023.10.12"]
[EventType "tourn (blitz)"]
[EventRounds "4"]
[EventCountry "USA"]
[EventCategory "8"]
[SourceTitle "CBM 216 Extra"]
[Source "ChessBase"]
[SourceDate "2023.11.30"]
[SourceVersion "1"]
[SourceVersionDate "2023.11.30"]
[SourceQuality "1"]

1. e4 e5 2. Nf3 Nc6 3. Nc3 Nf6 4. a3 d5 5. Bb5 Nxe4 6. Qe2 Qd6 7. Nxe4 dxe4 8. Qxe4 Bd7 9. 0-0 f6 10. Qe3 a6 11. Ba4 0-0-0 12. d3 Nd4 13. Bxd7+ Rxd7 14. Nxd4 Qxd4 15. Re1 Bc5 16. Qf3 Qd5 17. Qxd5 Rxd5 18. Be3 Rhd8 19. c4 Bxe3 20. cxd5 Bd4 21. Re2 Rxd5 22. Rc1 Rb5 23. b4 a5 24. Rc4 a4 25. Kf1 c6 26. f4 Rd5 27. fxe5 Bxe5 28. Rd2 Bd4 29. Ke2 Kd7 30. Rcc2 Re5+ 31. Kd1 Re3 32. Rc4 Be5 33. Re4 Rxe4 34. dxe4+ Ke7 35. g3 Bc3 36. Re2 Ke6 37. Kc2 Bd4 38. Kd3 Ke5 39. Kc4 b5+ 40. Kd3 c5 41. bxc5 Bxc5 42. Ra2 h5 43. Rb2 Bxa3 44. Rxb5+ Ke6 45. Ra5 Bd6 46. Rxa4 Be5 47. Ke3 Kf7 48. Kf3 Kg6 49. h3 Kg5 50. Ra5 h4 51. g4 Kg6 52. Ra6 Kf7 53. Ra7+ Kg6 54. Ke3 Kh6 55. Kd3 g6 56. Ke3 Kg5 57. Kf3 Kh6 58. Ra6 Kg5 59. Ke3 Bf4+ 60. Kf3 Be5 61. Ra5 Kh6 62. Rd5 Kg5 63. Ke3 Kh6 64. Rd1 Kg5 65. Rf1 Bd6 66. Kd3 Be5 67. Kc4 Bf4 68. Kd5 Be5 69. Ke6 Bd4 70. Rf3 Be5 71. Kf7 Bd4 72. Kg7 f5+ 73. Kf7 fxe4 74. Rb3 e3 75. Rd3 e2 76. Rxd4 e1Q 77. Rd5+ Kh6 78. Rd6 Qe4 79. Rf6 Qb7+ 80. Kg8 Qg7# 0-1

[Event "I'M Not A GM Gp-A"]
[Site "Chess.com INT"]
[Date "2023.10.12"]
[Round "2.6"]
[White "Roebers, Eline"]
[Black "Shahade, Gregory P"]
[Result "1-0"]
[WhiteElo "2390"]
[BlackElo "2476"]
[PlyCount "115"]
[EventDate "2023.10.12"]
[EventType "tourn (blitz)"]
[EventRounds "4"]
[EventCountry "USA"]
[EventCategory "8"]
[SourceTitle "CBM 216 Extra"]
[Source "ChessBase"]
[SourceDate "2023.11.30"]
[SourceVersion "1"]
[SourceVersionDate "2023.11.30"]
[SourceQuality "1"]

1. Nf3 Nf6 2. g3 g6 3. Bg2 Bg7 4. 0-0 0-0 5. d3 c5 6. e4 Nc6 7. h3 d6 8. Re1 b6 9. c3 Bb7 10. Na3 Qc7 11. Nc2 e6 12. a4 a6 13. Ne3 b5 14. h4 h5 15. Ng5 b4 16. Nc4 Ne5 17. Ne3 bxc3 18. bxc3 c4 19. d4 Nd3 20. Re2 Nxc1 21. Qxc1 Rac8 22. Rb1 Bc6 23. Rb4 d5 24. e5 Nh7 25. Nh3 a5 26. Rb1 Bxa4 27. Ra1 Bb3 28. Nf4 a4 29. Bf3 Ra8 30. g4 Bh6 31. g5 Bg7 32. Bxh5 gxh5 33. Nxh5 Rfb8 34. f4 Qe7 35. f5 Qd7 36. f6 Bf8 37. Rg2 Kh8 38. Ng4 a3 39. Nh6 Bxh6 40. gxh6 Rg8 41. Rg7 a2 42. Qf4 Bc2 43. Qg4 Bg6 44. Nf4 Qe8 45. Nxg6+ fxg6 46. f7 Qb5 47. fxg8Q+ Rxg8 48. Rxg8+ Kxg8 49. Qxg6+ Kf8 50. Rf1+ Ke7 51. Qxh7+ Kd8 52. Rf8+ Qe8 53. Rxe8+ Kxe8 54. Qa7 a1Q+ 55. Qxa1 Kf7 56. Qf1+ Kg6 57. Qf6+ Kh7 58. Qg7# 1-0

[Event "I'M Not A GM Gp-A"]
[Site "Chess.com INT"]
[Date "2023.10.12"]
[Round "4.4"]
[White "Roebers, Eline"]
[Black "Shahade, Gregory P"]
[Result "1-0"]
[WhiteElo "2390"]
[BlackElo "2476"]
[PlyCount "83"]
[EventDate "2023.10.12"]
[EventType "tourn (blitz)"]
[EventRounds "4"]
[EventCountry "USA"]
[EventCategory "8"]
[SourceTitle "CBM 216 Extra"]
[Source "ChessBase"]
[SourceDate "2023.11.30"]
[SourceVersion "1"]
[SourceVersionDate "2023.11.30"]
[SourceQuality "1"]

1. f4 c5 2. Nf3 Nc6 3. g3 g6 4. Bg2 Bg7 5. 0-0 d6 6. d3 e6 7. e4 Nge7 8. Qe1 Rb8 9. a4 a6 10. Na3 b5 11. axb5 axb5 12. c3 0-0 13. Nc2 b4 14. g4 f5 15. exf5 exf5 16. g5 Kh8 17. Bd2 b3 18. Ne3 Be6 19. h4 Qd7 20. Qg3 Ra8 21. Rae1 Ra2 22. Nd1 Ra1 23. Qh3 Bf7 24. Rf2 Nd5 25. Rfe2 c4 26. dxc4 Nb6 27. Ne3 Nxc4 28. Rxa1 Nxb2 29. h5 gxh5 30. Qxf5 Be6 31. Qe4 d5 32. Qb1 Nc4 33. Nxc4 dxc4 34. Be3 Bxc3 35. Ra6 Bf5 36. Qc1 Bg7 37. Qxc4 b2 38. Rxb2 Bxb2 39. Qxc6 Qd1+ 40. Kh2 Bg7 41. Qc5 Qe2 42. Bd4 1-0

[Event "I'M Not A GM Gp-A"]
[Site "Chess.com INT"]
[Date "2023.10.12"]
[Round "3.1"]
[White "Shahade, Gregory P"]
[Black "Arabidze, Meri"]
[Result "1-0"]
[WhiteElo "2476"]
[BlackElo "2456"]
[PlyCount "89"]
[EventDate "2023.10.12"]
[EventType "tourn (blitz)"]
[EventRounds "4"]
[EventCountry "USA"]
[EventCategory "8"]
[SourceTitle "CBM 216 Extra"]
[Source "ChessBase"]
[SourceDate "2023.11.30"]
[SourceVersion "1"]
[SourceVersionDate "2023.11.30"]
[SourceQuality "1"]

1. e4 c5 2. Nf3 e6 3. d4 cxd4 4. Nxd4 Nc6 5. Nc3 Qc7 6. Be3 a6 7. Qf3 Nf6 8. 0-0-0 Ne5 9. Qg3 h5 10. f3 d6 11. Kb1 Bd7 12. h4 b5 13. Bc1 b4 14. Nce2 a5 15. Nf4 Rb8 16. Nh3 a4 17. f4 Neg4 18. Ng5 Be7 19. Be2 Rc8 20. Bd3 Qc5 21. Ngf3 Ra8 22. Rhe1 0-0 23. Re2 Rfb8 24. Qe1 Bc8 25. Qd2 Ba6 26. Bxa6 Rxa6 27. Qd3 Qa5 28. Bd2 Nd7 29. Ng5 Nc5 30. Qf3 Qb6 31. Be3 b3 32. cxb3 axb3 33. a3 Ra4 34. Bg1 Qa6 35. Red2 Ra8 36. e5 dxe5 37. Nxb3 Rxa3 38. Nxc5 Ra1+ 39. Kc2 Bxc5 40. Bxc5 Qa4+ 41. Qb3 Rxd1 42. Rxd1 exf4 43. Qxa4 Rxa4 44. b4 f6 45. Rd8# 1-0

[Event "I'M Not A GM Gp-A"]
[Site "Chess.com INT"]
[Date "2023.10.12"]
[Round "4.3"]
[White "Shahade, Gregory P"]
[Black "Roebers, Eline"]
[Result "1-0"]
[WhiteElo "2476"]
[BlackElo "2390"]
[PlyCount "75"]
[EventDate "2023.10.12"]
[EventType "tourn (blitz)"]
[EventRounds "4"]
[EventCountry "USA"]
[EventCategory "8"]
[SourceTitle "CBM 216 Extra"]
[Source "ChessBase"]
[SourceDate "2023.11.30"]
[SourceVersion "1"]
[SourceVersionDate "2023.11.30"]
[SourceQuality "1"]

1. b3 a5 2. Bb2 a4 3. g3 axb3 4. axb3 Rxa1 5. Bxa1 Nc6 6. Bg2 Nf6 7. Nf3 d5 8. 0-0 e6 9. c4 Bd6 10. d3 0-0 11. Nc3 b6 12. Nb5 Be7 13. Bb2 Bb7 14. Qc2 Nb4 15. Qd2 c5 16. Ne5 Qb8 17. Ra1 Rd8 18. Qf4 Bf8 19. g4 h6 20. h4 Rd7 21. g5 Nh7 22. gxh6 g6 23. Nxg6 Qxf4 24. Nxf4 dxc4 25. Bxb7 Rxb7 26. bxc4 Bxh6 27. Nh5 Rd7 28. Ra8+ Bf8 29. Nf6+ Nxf6 30. Bxf6 Nc6 31. Bg5 Kg7 32. h5 Bd6 33. Ra6 Ne5 34. Rxb6 Bf8 35. Rb8 Ng4 36. h6+ Nxh6 37. Bxh6+ Kxh6 38. Rxf8 1-0

[Event "I'M Not A GM Speed Chess"]
[Site "Chess.com INT"]
[Date "2022.05.11"]
[Round "1.22"]
[White "Shahade, Gregory P"]
[Black "Trent, Lawrence"]
[Result "0-1"]
[WhiteElo "2476"]
[BlackElo "2398"]
[PlyCount "76"]
[EventDate "2022.05.09"]
[EventType "k.o. (blitz)"]
[EventRounds "4"]
[EventCountry "USA"]
[SourceTitle "CBM 209 Extra"]
[Source "ChessBase"]
[SourceDate "2022.09.30"]
[SourceVersion "1"]
[SourceVersionDate "2022.09.30"]
[SourceQuality "1"]

1. e4 c6 2. Nc3 d5 3. Nf3 dxe4 4. Nxe4 Nf6 5. Qe2 Be6 6. d3 Qc7 7. g3 Nbd7 8. Bg2 Nxe4 9. dxe4 Bg4 10. 0-0 e5 11. h3 Bh5 12. b3 Bc5 13. Bb2 0-0 14. a4 Rfe8 15. Qc4 Bf8 16. a5 Bxf3 17. Bxf3 Nc5 18. Rfd1 Ne6 19. Kg2 Rad8 20. Bc3 g6 21. Bg4 Nd4 22. Bxd4 exd4 23. Bf3 Bg7 24. Qd3 Bf6 25. a6 b5 26. Kg1 h5 27. Bg2 h4 28. f4 hxg3 29. Qxg3 d3 30. e5 dxc2 31. Rdc1 Rxe5 32. fxe5 Bxe5 33. Qe1 Bxa1 34. Rxa1 Qf4 35. Bxc6 Rd2 36. Bg2 Qd4+ 37. Kh2 Rd1 38. Qe8+ Kg7 0-1

[Event "I'M Not A GM Speed Chess"]
[Site "Chess.com INT"]
[Date "2022.05.11"]
[Round "1.24"]
[White "Shahade, Gregory P"]
[Black "Trent, Lawrence"]
[Result "1-0"]
[WhiteElo "2476"]
[BlackElo "2398"]
[PlyCount "123"]
[EventDate "2022.05.09"]
[EventType "k.o. (blitz)"]
[EventRounds "4"]
[EventCountry "USA"]
[SourceTitle "CBM 209 Extra"]
[Source "ChessBase"]
[SourceDate "2022.09.30"]
[SourceVersion "1"]
[SourceVersionDate "2022.09.30"]
[SourceQuality "1"]

1. e4 c6 2. Nc3 d5 3. Nf3 dxe4 4. Nxe4 Nf6 5. Qe2 Be6 6. d3 Qc7 7. g3 Nbd7 8. Bg2 Nxe4 9. dxe4 Bg4 10. h3 Bh5 11. 0-0 e5 12. Be3 Bc5 13. Bxc5 Nxc5 14. Qc4 Qe7 15. c3 f6 16. Rfe1 Bf7 17. Qe2 0-0-0 18. b3 Rd6 19. Qe3 Rd3 20. Qe2 Rxc3 21. Qb2 Rd3 22. Rec1 Rhd8 23. Qa3 b6 24. Ne1 R3d6 25. Bf1 Kb8 26. Nc2 Nd3 27. Bxd3 Qd7 28. Bf1 c5 29. Ne3 Rd4 30. Rd1 Be6 31. Rxd4 exd4 32. Nd5 f5 33. Nf4 fxe4 34. Nxe6 Qxe6 35. Bg2 e3 36. Qa6 exf2+ 37. Kh2 Rd7 38. Rf1 Qe3 39. Qb5 Re7 40. Qc6 d3 41. Qd5 Qd4 42. Qa8+ Kc7 43. Qxa7+ Kd8 44. Qxb6+ Ke8 45. Qb8+ Kf7 46. Qa8 Re2 47. Qf3+ Ke7 48. Rd1 Qe3 49. Qb7+ Kf6 50. Qc6+ Kf7 51. Qd7+ Kf6 52. Rxd3 Qe5 53. Rf3+ Kg6 54. Qg4+ Qg5 55. Qxg5+ Kxg5 56. a4 Ra2 57. Bf1 h5 58. Kg2 h4 59. gxh4+ Kxh4 60. Rxf2 Ra3 61. Rf4+ Kh5 62. Bc4 1-0

[Event "I'M Not A GM Speed Chess"]
[Site "Chess.com INT"]
[Date "2022.05.11"]
[Round "1.26"]
[White "Shahade, Gregory P"]
[Black "Trent, Lawrence"]
[Result "1-0"]
[WhiteElo "2476"]
[BlackElo "2398"]
[PlyCount "87"]
[EventDate "2022.05.09"]
[EventType "k.o. (blitz)"]
[EventRounds "4"]
[EventCountry "USA"]
[SourceTitle "CBM 209 Extra"]
[Source "ChessBase"]
[SourceDate "2022.09.30"]
[SourceVersion "1"]
[SourceVersionDate "2022.09.30"]
[SourceQuality "1"]

1. e4 c6 2. Nc3 d5 3. Nf3 dxe4 4. Nxe4 Nf6 5. Qe2 Be6 6. d3 Qc7 7. g3 Nbd7 8. Bg2 Bg4 9. h3 Bxf3 10. Bxf3 Nxe4 11. Bxe4 e6 12. 0-0 Bd6 13. Bg2 0-0-0 14. Be3 Kb8 15. d4 h5 16. h4 Nf6 17. c4 Ng4 18. c5 Be7 19. Bf4 e5 20. dxe5 Ka8 21. e6 Qc8 22. exf7 Bxc5 23. Rac1 Bb6 24. b4 Qf5 25. b5 Nxf2 26. Rxf2 Bxf2+ 27. Qxf2 Qxb5 28. Bg5 Rc8 29. Kh2 Qb4 30. Qf5 Rhf8 31. Rb1 Qc4 32. Rf1 Rc7 33. Qa5 b6 34. Qe5 Rfxf7 35. Rc1 Qxa2 36. Rxc6 Rxc6 37. Qe8+ Kb7 38. Qxc6+ Ka6 39. Bd2 Rf2 40. Qc8+ Kb5 41. Qc6+ Ka6 42. Qc8+ Kb5 43. Qd7+ Ka6 44. Qd3+ 1-0

[Event "I'M Not A GM Speed Chess"]
[Site "Chess.com INT"]
[Date "2022.05.11"]
[Round "1.28"]
[White "Shahade, Gregory P"]
[Black "Trent, Lawrence"]
[Result "0-1"]
[WhiteElo "2476"]
[BlackElo "2398"]
[PlyCount "124"]
[EventDate "2022.05.09"]
[EventType "k.o. (blitz)"]
[EventRounds "4"]
[EventCountry "USA"]
[SourceTitle "CBM 209 Extra"]
[Source "ChessBase"]
[SourceDate "2022.09.30"]
[SourceVersion "1"]
[SourceVersionDate "2022.09.30"]
[SourceQuality "1"]

1. e4 c6 2. Nc3 d5 3. Nf3 dxe4 4. Nxe4 Nf6 5. Qe2 Be6 6. d3 Qc7 7. g3 Nbd7 8. Bg2 Nxe4 9. dxe4 Bg4 10. 0-0 e5 11. Be3 Bc5 12. Bxc5 Nxc5 13. Qc4 Qe7 14. h3 Be6 15. Qe2 f6 16. Rfd1 0-0 17. Qe3 a5 18. a3 a4 19. Rd2 Rfd8 20. Rad1 b6 21. Kh2 Rxd2 22. Rxd2 Rd8 23. Bf1 Rxd2 24. Nxd2 Qd8 25. Bc4 Kf7 26. Qe2 Qd4 27. Bxe6+ Kxe6 28. Qc4+ Kd6 29. Qxd4+ exd4 30. Kg2 b5 31. f4 d3 32. c3 Ne6 33. Kf3 c5 34. c4 b4 35. Ke3 g5 36. fxg5 Nxg5 37. h4 Nf7 38. Kxd3 Ne5+ 39. Ke3 h5 40. Kf4 Ke6 41. Ke3 b3 42. Kf4 Nd3+ 43. Ke3 Nxb2 44. Ke2 Ke5 45. Ke3 Nd1+ 46. Ke2 Nb2 47. Ke3 Kd6 48. Ke2 Ke6 49. Ke3 f5 50. Kf4 Nd3+ 51. Ke3 fxe4 52. Kxe4 Ne5 53. Kf4 b2 54. Kg5 Nf3+ 55. Nxf3 b1Q 56. Kxh5 Qb3 57. Ng5+ Ke7 58. g4 Qxc4 59. Kg6 Qd3+ 60. Kg7 c4 61. h5 c3 62. h6 c2 0-1